000 00556nam a22002297a 4500
003 UA-OsUOA
001 36560
007 ta
008 20061004b un ||||| |||| 00| 0 ukr d
100 _aDurant W.
090 _a14
942 _cBK
040 _aUA-OsUOA
_beng
_cUA-OsUOA
_dUA-OsUOA
245 _aThe Story of Philisophy
_bThe Lives and Opinions of the Greater Philisophers.
300 _a412 с.
955 _a1
041 _aeng
080 _a14
260 _aН.-Й.
_c1951
650 7 _a1 Філософські науки
_2UDC
999 _c435087
_d435087